000 00988cam a2200205 4500
001 X12070
008 021206n2002 000 0 eng u
035 _a(Sirsi) u120701
245 _aBritish Telecommunications plc v Gloucester CC
260 _c2002
490 _aProperty, Planning and Compensation Reports
_v[2002] 2 P&CR 512-557(46)
520 _aQBD 26 November 2001. Environmental statement. Significant effects. Relevance of need to obtain listed building and conservation area consent. Human Rights. Determination of planning applications. Whether complaint with European Convention on Human Rights Article 6. (Taken from journal abstract)
650 _aBRITISH TELECOMMUNICATIONS PLC V GLOUCESTER CITY COUNCIL
650 _aCONVENTION FOR THE PROTECTION OF HUMAN RIGHTS AND FUNDAMENTAL FREEDOMS ART 6
650 _aLISTED BUILDINGS
650 _aCONSERVATION AREA CONSENT
650 _aHUMAN RIGHTS
690 _aPLANNING LAW AND PRACTICE-CASE LAW
942 _n0
999 _c71726
_d71726